00615nam a2200181Ia 4500001000700000003000500007008004100012010001100053040000900064100002800073245009700101260004100198300001000239440000500249502007600254503000500330650009800335Z_2348CHAP220113s1993 xx 000 0 und d a165405 cCHAP aReyes Montes, Francisco aDiagnóstico de la ganadería de las Mixtecas Oaxaqueñas /cpor Francisco Reyes Montes aChapingo, Méx. :bEl autor,c1993 a65 h. a aTesis (Ing. Agr. Esp. en Zootecnia) -- UACH. Departamento de Zootecnia a aGanaderíaxOaxaca I. UACH. Departamento de Zootecnia II. t. III. t : Mixtecas Oaxaqueñas